[Event "POL-chT2"]
[Site "Poronin POL"]
[Date "2016.09.10"]
[Round "8.6"]
[White "Dmochowska, Agnieszka"]
[Black "Zemlickova, Olena"]
[Result "1-0"]
[WhiteElo "1995"]
[BlackElo "2091"]
[EventDate "2016.09.02"]

1.e4 e5 2.Nf3 Nc6 3.Bb5 Nd4 4.Nxd4 exd4 5.O-O c6 6.Bc4 Nf6 7.Re1 d6 8.c3 
Qb6 9.e5 dxe5 10.Rxe5+ Kd8 11.d3 dxc3 12.Nxc3 Ng4 13.d4 Nxe5 14.dxe5+ Ke8 
15.Qh5 g6 16.Qf3 Bf5 17.g4 Qd4 18.gxf5 Qxc4 19.Ne4 gxf5 20.Nf6+ Kd8 21.
Qd1+ Kc7 22.Qd7+ Kb6 23.Be3+ Ka6 24.Rc1 Qe6 25.Qd3+ b5 26.a4 Kb7 27.axb5 
c5 28.b4 Be7 29.bxc5 Bxf6 30.c6+ Kc7 31.exf6 Rhg8+ 32.Kf1 Rgd8 33.Bf4+ Kc8
34.Qa3 Rd4 35.Qa6+ Kd8 36.c7+ Ke8 37.Qxe6+ fxe6 38.c8=Q+ Rxc8 39.Rxc8+ Kd7
40.f7 1-0

[Event "POL-chT2"]
[Site "Poronin POL"]
[Date "2016.09.10"]
[Round "8.7"]
[White "Szymanski, Piotr"]
[Black "Vovk, Yuri"]
[Result "0-1"]
[WhiteElo "2260"]
[BlackElo "2596"]
[EventDate "2016.09.02"]

1.d4 Nf6 2.Nf3 g6 3.g3 Bg7 4.Bg2 O-O 5.O-O d6 6.Nc3 Na6 7.e4 c5 8.e5 Ne8 
9.dxc5 Nxc5 10.Be3 Ne6 11.exd6 Nxd6 12.Qe2 Bd7 13.Rfd1 Bxc3 14.bxc3 Qa5 
15.Bd4 Bc6 16.Be5 Rfd8 17.Bxd6 Rxd6 18.Rxd6 exd6 19.Qd3 Rc8 20.c4 b6 21.
Nd2 Qe5 22.c3 Nc5 23.Qd4 Bxg2 24.Kxg2 Qe2 25.Qe3 Qxe3 26.fxe3 Nd3 27.Rb1 
Ne5 28.Rb4 Kf8 29.h3 Ke7 30.Kf1 Rc5 31.Ra4 a5 32.Ke2 h5 33.e4 Nd7 34.Ra3 
Rg5 35.Kf3 Nc5 36.Nb3 Kd7 37.h4 Re5 38.Nd2 a4 39.Kf4 f6 40.Kf3 g5 41.hxg5 
fxg5 42.Kf2 Re8 43.Kf3 Rf8+ 44.Kg2 h4 45.gxh4 gxh4 46.Nf1 Rxf1 47.Kxf1 Ke6
48.Kg2 Ke5 0-1

[Event "POL-chT2"]
[Site "Poronin POL"]
[Date "2016.09.10"]
[Round "8.8"]
[White "Stopa, Jacek"]
[Black "Krzywda, Andrzej"]
[Result "1-0"]
[WhiteElo "2455"]
[BlackElo "2148"]
[EventDate "2016.09.02"]

1.d4 Nf6 2.c4 e6 3.Nf3 d5 4.g3 Bb4+ 5.Bd2 Bd6 6.Nc3 O-O 7.Bg5 Be7 8.Bg2 
Nbd7 9.O-O c6 10.Qd3 b6 11.Rfd1 Ba6 12.b3 b5 13.c5 e5 14.dxe5 Ng4 15.Qf5 
Ndxe5 16.Nxe5 Nxe5 17.Nxd5 Bxg5 18.Nb4 Qe7 19.Nxa6 Bf6 20.Rac1 Rad8 21.Qc2
Rfe8 22.h3 h5 23.Kh1 h4 24.g4 Rxd1+ 25.Rxd1 Rd8 26.e3 Rxd1+ 27.Qxd1 Qb7 
28.Nb4 a5 29.Nc2 Be7 30.f4 Nd7 31.Nd4 Nxc5 32.Nxc6 Qc7 33.g5 a4 34.b4 Ne6 
35.g6 fxg6 36.Qd5 Kf7 37.Qxb5 Bd6 38.Qxa4 Kf6 39.Qc2 Qb6 40.Qc3+ Kf5 41.
Ne7+ 1-0

[Event "POL-chT2"]
[Site "Poronin POL"]
[Date "2016.09.10"]
[Round "8.9"]
[White "Zgadzaj, Rafal"]
[Black "Kolosowski, Mateusz"]
[Result "0-1"]
[WhiteElo "2142"]
[BlackElo "2426"]
[EventDate "2016.09.02"]

1.c4 g6 2.g3 Bg7 3.Bg2 c5 4.Nc3 Nc6 5.d3 e6 6.e4 Nge7 7.Nge2 O-O 8.O-O d6 
9.a3 b6 10.Rb1 Bb7 11.b4 Nd4 12.Bb2 f5 13.Nxd4 cxd4 14.Ne2 e5 15.Qb3 Kh8 
16.a4 Rc8 17.b5 fxe4 18.dxe4 Ng8 19.Ba3 Nf6 20.f3 Bh6 21.Bh3 Be3+ 22.Kh1 
Rc7 23.Qd3 Rcf7 24.Nc3 Nh5 25.Qe2 Bf4 26.Bc1 Bxc1 27.Rbxc1 dxc3 28.Rxc3 
Qg5 29.Be6 Rf6 30.Bg4 Bc8 31.Bxh5 Qxh5 32.Qe3 g5 33.Rd3 Bg4 0-1

[Event "POL-chT2"]
[Site "Poronin POL"]
[Date "2016.09.10"]
[Round "8.10"]
[White "Cukrowski, Filip"]
[Black "Sztwiertnia, Jan Krzysztof"]
[Result "1/2-1/2"]
[WhiteElo "2367"]
[BlackElo "2128"]
[EventDate "2016.09.02"]

1.e4 e5 2.Nc3 Nf6 3.g3 d5 4.exd5 Nxd5 5.Bg2 Nxc3 6.bxc3 Bc5 7.Ne2 O-O 8.
O-O Nc6 9.Rb1 Re8 10.d3 Bb6 11.c4 Bg4 12.h3 Bxe2 13.Qxe2 Qd6 14.Be3 Nd4 
15.Qd2 Rab8 16.a4 Nf5 17.Bxb6 axb6 18.a5 bxa5 19.Qxa5 b6 20.Qb4 Qf6 21.c5 
Nd4 22.cxb6 cxb6 23.c4 h5 24.Qe1 b5 25.cxb5 Rxb5 26.Rxb5 Nxb5 27.Qd1 g6 
28.Qa4 Nd6 29.Re1 Rb8 30.Qa1 Qf5 31.Qc3 Rc8 32.Qb3 Re8 33.Qd5 Qe6 34.Qc6 
Nf5 35.Qc5 Qd6 36.Qb5 Re7 37.Ra1 Kg7 38.Ra8 Nd4 39.Qb2 Qc7 40.h4 Qc1+ 41.
Qxc1 Ne2+ 42.Kf1 Nxc1 43.Rd8 Nb3 44.Rd5 Kf6 45.Bh3 Rc7 46.g4 hxg4 47.Bxg4 
Ra7 48.Kg2 Ra4 49.Bd1 Rb4 50.Bxb3 Rxb3 51.d4 1/2-1/2

[Event "POL-chT2"]
[Site "Poronin POL"]
[Date "2016.09.10"]
[Round "8.11"]
[White "Szajda, Marcin"]
[Black "Goluch, Piotr"]
[Result "0-1"]
[WhiteElo "2033"]
[BlackElo "2330"]
[EventDate "2016.09.02"]

1.e4 c6 2.d4 d5 3.Nc3 dxe4 4.Nxe4 Bf5 5.Ng3 Bg6 6.h4 h6 7.Nf3 Nd7 8.h5 Bh7
9.Bd3 Bxd3 10.Qxd3 e6 11.Bd2 Ngf6 12.O-O-O Be7 13.Kb1 O-O 14.Ne4 Nxe4 15.
Qxe4 Nf6 16.Qd3 Qd5 17.Rde1 Ng4 18.c4 Nxf2 19.Qc2 Qd6 20.Rhf1 Ng4 21.Qe4 
Nf6 22.Qe2 Nxh5 23.Ne5 Ng3 24.Qg4 Nxf1 25.Bxh6 Bf6 26.Rxf1 Bxe5 27.dxe5 
Qd3+ 0-1

[Event "POL-chT2"]
[Site "Poronin POL"]
[Date "2016.09.10"]
[Round "8.12"]
[White "Jakubowska, Anna"]
[Black "Chmiel, Dominika"]
[Result "1/2-1/2"]
[WhiteElo "2205"]
[BlackElo "2102"]
[EventDate "2016.09.02"]

1.d4 Nf6 2.c4 g6 3.Nc3 Bg7 4.e4 d6 5.f3 O-O 6.Be3 Na6 7.Bd3 c5 8.Nge2 Nb4 
9.O-O e5 10.dxc5 dxc5 11.Nd5 b6 12.Nec3 Nbxd5 13.cxd5 Ne8 14.a3 Bd7 15.b4 
cxb4 16.axb4 Nd6 17.Rf2 f5 18.Rfa2 f4 19.Bf2 Qc7 20.Rc2 Qd8 21.Rca2 Qc7 
22.Rc2 Qd8 23.Rca2 1/2-1/2

[Event "POL-chT2"]
[Site "Poronin POL"]
[Date "2016.09.10"]
[Round "8.13"]
[White "Ponizil, Cyril"]
[Black "Kolago, Marcin"]
[Result "1/2-1/2"]
[WhiteElo "2521"]
[BlackElo "2361"]
[EventDate "2016.09.02"]

1.e4 d5 2.exd5 Qxd5 3.Nc3 Qa5 4.d4 Nf6 5.Bd2 c6 6.Bc4 Qc7 7.Qe2 Nbd7 8.Nf3
Nb6 9.Bb3 e6 10.Ne5 Be7 11.g4 Nbd5 12.g5 Nd7 13.f4 Nxc3 14.bxc3 Nxe5 15.
fxe5 Bd7 16.Rf1 c5 17.d5 exd5 18.Bxd5 O-O 19.e6 Bxe6 20.Bxe6 fxe6 21.Qxe6+
Kh8 22.O-O-O c4 23.Kb1 Ba3 24.Bc1 Bxc1 25.Kxc1 Qc5 26.Rxf8+ Rxf8 27.Rd5 
Qa3+ 28.Kd2 Rf2+ 29.Ke3 Qf8 30.Rd8 Qxd8 31.Kxf2 Qd2+ 32.Qe2 Qf4+ 33.Ke1 
Qc1+ 34.Kf2 Qf4+ 35.Ke1 Qc1+ 36.Kf2 1/2-1/2

[Event "POL-chT2"]
[Site "Poronin POL"]
[Date "2016.09.10"]
[Round "8.14"]
[White "Wiewiora, Eneasz"]
[Black "Ciesla, Adam"]
[Result "1-0"]
[WhiteElo "2288"]
[BlackElo "2291"]
[EventDate "2016.09.02"]

1.Nf3 g6 2.e4 Bg7 3.d4 d6 4.c4 Nf6 5.Nc3 O-O 6.Be2 Na6 7.Bg5 h6 8.Bh4 Nh5 
9.O-O c5 10.d5 f5 11.exf5 Bxf5 12.Ne1 Nf4 13.Bg4 g5 14.Bxf5 Rxf5 15.Bg3 
Qf8 16.Qd2 Bxc3 17.bxc3 Qf7 18.Nc2 Rf6 19.Ne3 Rf8 20.Rab1 b6 21.a4 Nb8 22.
a5 Nd7 23.h3 h5 24.axb6 axb6 25.Kh1 Rg6 26.Ra1 Ne5 27.f3 Rf6 28.Ra7 Qh7 
29.Qc2 Qg7 30.Qe4 R6f7 31.Rb7 Ne2 32.Bxe5 dxe5 33.Nf5 Nxc3 34.Nxg7 Nxe4 
35.Nxh5 Rh7 36.g4 Nd2 37.Rd1 Nxc4 38.Rc1 Nd6 39.Rxb6 Rhf7 40.Rb3 Rxf3 41.
Rxf3 Rxf3 42.Kg2 Rd3 43.Rxc5 Rd2+ 44.Kg1 e4 45.Ng3 Kf7 46.Ra5 Kf6 47.Nh5+ 
Ke5 48.Ra7 Kxd5 49.Rxe7 Kd4 50.Ng3 e3 51.Nf1 Ne4 52.Rd7+ Kc3 53.Nxd2 Nxd2 
54.Kg2 Kc2 55.Rd5 Kd1 56.Re5 Nc4 57.Re4 e2 58.Kf2 Nb2 59.Rd4+ Kc2 60.Kxe2 
Kc3 61.Ke3 1-0

[Event "POL-chT2"]
[Site "Poronin POL"]
[Date "2016.09.10"]
[Round "8.15"]
[White "Flis, Jacek"]
[Black "Mulet, Piotr"]
[Result "0-1"]
[WhiteElo "2270"]
[BlackElo "2279"]
[EventDate "2016.09.02"]

1.g3 Nf6 2.Bg2 d5 3.Nf3 g6 4.O-O Bg7 5.d3 O-O 6.c3 Nbd7 7.Nbd2 b6 8.a4 a5 
9.d4 Bb7 10.e4 dxe4 11.Ng5 Rb8 12.Ndxe4 Nd5 13.Re1 e5 14.c4 Nb4 15.d5 h6 
16.Nf3 f5 17.Nc3 e4 18.Nd2 Nc5 19.Nb3 Ncd3 20.Re2 c6 21.dxc6 Bxc6 22.Nb5 
Qd7 23.Rb1 Rfd8 24.Be3 Qf7 25.Nd2 Nxb2 26.Qb3 N2d3 27.Rd1 g5 28.f4 g4 29.
Nb1 Bd7 30.N1a3 Be6 31.Bf1 Bf8 32.Nd4 Bc5 33.Nxe6 Qxe6 34.Nc2 Qf6 35.Nxb4 
axb4 36.Bxc5 bxc5 37.a5 Qd4+ 38.Kg2 Nxf4+ 39.gxf4 Qxd1 40.Qb2 Qd4 41.Qb3 
Qc3 42.Qa4 Rd6 43.a6 Qa3 44.a7 Ra8 45.Qb5 Qxa7 0-1

[Event "POL-chT2"]
[Site "Poronin POL"]
[Date "2016.09.10"]
[Round "8.16"]
[White "Raszka, Janusz"]
[Black "Tomaszewski, Roman"]
[Result "0-1"]
[WhiteElo "2139"]
[BlackElo "2296"]
[EventDate "2016.09.02"]

1.e4 c6 2.d4 d5 3.Nd2 dxe4 4.Nxe4 Nd7 5.Nf3 Ngf6 6.Ng3 g6 7.Bc4 Bg7 8.O-O 
O-O 9.Re1 e6 10.Qe2 c5 11.c3 Qc7 12.dxc5 Nxc5 13.Ne5 Nfd7 14.Nxd7 Bxd7 15.
Bg5 Rfe8 16.h4 b6 17.h5 h6 18.hxg6 hxg5 19.gxf7+ Kxf7 20.Qh5+ Kg8 21.Nf5 
Bc6 22.Qxg5 b5 23.Nd4 bxc4 24.Qxc5 Qb6 25.Qxc4 Bd5 26.Qe2 Bxd4 27.cxd4 
Qxd4 28.Rad1 Qg7 29.Qf1 Rec8 30.b3 Rc3 31.Re3 Rxe3 32.fxe3 Rf8 33.Qe2 Qg6 
34.Rd4 Be4 35.Qd2 Bd5 36.Qe2 Be4 37.Qd2 Qg4 38.b4 Kh7 39.Rd7+ Kh6 40.Qb2 
Qg5 41.Qe2 Qg3 42.Rd4 Rc8 0-1

[Event "POL-chT2"]
[Site "Poronin POL"]
[Date "2016.09.10"]
[Round "8.17"]
[White "Szusterowski, Radoslaw"]
[Black "Sapeta, Robert"]
[Result "1-0"]
[WhiteElo "2224"]
[BlackElo "2075"]
[EventDate "2016.09.02"]

1.d4 c5 2.d5 e5 3.e4 d6 4.Bb5+ Nd7 5.a4 a6 6.Bd3 Ngf6 7.Nf3 c4 8.Bxc4 Nxe4
9.Qe2 Nef6 10.a5 Be7 11.O-O O-O 12.Nc3 Qc7 13.Bd2 b5 14.axb6 Nxb6 15.Bxa6 
Nbxd5 16.Nxd5 Nxd5 17.Bxc8 Raxc8 18.Rfc1 f5 19.c4 Nf6 20.Ba5 Qd7 21.b4 f4 
22.Nd2 Qf5 23.f3 d5 24.Re1 Rfe8 25.Kh1 Bf8 26.cxd5 Rc2 27.Qd1 Qd3 28.Ne4 
Nxe4 29.fxe4 Rd2 30.Qg4 Qb5 31.Rab1 Rf2 32.Qh3 Rc2 33.Qb3 Rc4 34.Rbc1 Rd4 
35.Rb1 Bd6 36.Qh3 g6 37.Rbc1 Kg7 38.Rb1 h5 39.Rbc1 Rd3 40.Qh4 Rf8 41.Bc7 
Qxb4 42.Rb1 Qa3 43.Ra1 Qc5 44.Rac1 Qa3 45.Rc6 Bxc7 46.Rxc7+ Kh6 47.Qf2 Rf6
48.Qc2 Qa5 49.Rf1 Rd2 50.Ra7 Rf2 51.Qxf2 Qb4 52.Qe2 Rf8 53.Rd1 Qb3 54.d6 
Rd8 55.d7 Qb6 56.Ra2 Qc6 57.Rad2 Kg5 58.Qd3 1-0

[Event "POL-chT2"]
[Site "Poronin POL"]
[Date "2016.09.10"]
[Round "8.18"]
[White "Mareckova, Martina"]
[Black "Lach, Aleksandra"]
[Result "0-1"]
[WhiteElo "2173"]
[BlackElo "2154"]
[EventDate "2016.09.02"]

1.e4 c5 2.Nc3 a6 3.g3 b5 4.Bg2 Bb7 5.d3 e6 6.Nh3 h5 7.f4 Be7 8.a4 b4 9.Nb1
d5 10.Nd2 Nf6 11.e5 Ng4 12.Nf3 Nc6 13.Qe2 Nh6 14.Be3 Nf5 15.Bf2 g6 16.O-O 
a5 17.c4 bxc3 18.bxc3 Ba6 19.Rfb1 O-O 20.Bf1 Rb8 21.Qc2 d4 22.Rxb8 Qxb8 
23.Rb1 Qd8 24.c4 Nb4 25.Qd2 Bb7 26.Be2 Qa8 27.Nhg5 Bc6 28.Ra1 Rb8 29.h3 
Bxg5 30.Nxg5 Ne3 31.Bxe3 dxe3 32.Qd1 Rd8 33.Ra3 Bh1 34.Bf1 Qb7 35.Qe2 Bc6 
36.Rc3 Bxa4 37.Qxe3 Qc7 38.Ne4 Rd4 39.g4 hxg4 40.hxg4 Qd8 41.Nxc5 Bc6 42.
Bg2 Bxg2 43.Kxg2 g5 44.Ne4 Rxd3 45.Rxd3 Qxd3 46.Qxd3 Nxd3 47.fxg5 Nxe5 48.
c5 a4 49.Nc3 a3 50.Kg3 Kg7 51.Kf4 Nd3+ 52.Ke4 Nxc5+ 0-1

[Event "POL-chT2"]
[Site "Poronin POL"]
[Date "2016.09.10"]
[Round "8.19"]
[White "Lubczynski, Rafal"]
[Black "Krysztofiak, Marcin"]
[Result "0-1"]
[WhiteElo "2431"]
[BlackElo "2378"]
[EventDate "2016.09.02"]

1.Nf3 Nf6 2.c4 e6 3.Nc3 Bb4 4.Qc2 O-O 5.e3 c5 6.Be2 Nc6 7.b3 e5 8.Bb2 d6 
9.h3 Re8 10.g4 Bxc3 11.Qxc3 d5 12.cxd5 Qxd5 13.Qc4 Be6 14.g5 Qd6 15.Qh4 
Nd5 16.g6 hxg6 17.Ng5 Nf6 18.Nxe6 Rxe6 19.Bc4 Ree8 20.Rg1 Nd5 21.Qe4 Rad8 
22.Rd1 a6 23.a4 Na5 24.d3 Nf4 25.Bc3 Nxc4 26.bxc4 f5 27.Qxb7 Rb8 28.Qa7 
Re7 29.Qxe7 Qxe7 30.exf4 exf4+ 31.Kd2 Qh4 32.Rg2 Kf7 33.Rdg1 Rb6 34.a5 Re6
35.Rb1 f3 36.Rg3 Qf4+ 37.Kd1 Re7 38.Bd2 Qe5 39.Kc2 Qe2 40.Rb6 Rd7 0-1

[Event "POL-chT2"]
[Site "Poronin POL"]
[Date "2016.09.10"]
[Round "8.20"]
[White "Grabarczyk, Miroslaw"]
[Black "Chojnacki, Krzysztof"]
[Result "1/2-1/2"]
[WhiteElo "2438"]
[BlackElo "2369"]
[EventDate "2016.09.02"]

1.d4 e6 2.c4 f5 3.Nf3 Nf6 4.g3 d5 5.Bg2 c6 6.O-O Bd6 7.Bf4 Bxf4 8.gxf4 O-O
9.Nbd2 Qe7 10.Rc1 Nbd7 11.e3 Kh8 12.Kh1 Ng4 13.h3 Nh6 14.Qb3 Nf6 15.Ne5 
Ne4 16.Bxe4 fxe4 17.Qa3 Qd8 18.Rg1 Nf7 19.Rg3 Nxe5 20.dxe5 Rf7 21.c5 Bd7 
22.Kh2 Be8 23.f3 exf3 24.Nxf3 Re7 25.Rcg1 Bg6 26.Rxg6 hxg6 27.Qd3 Kg8 28.
Ng5 Qf8 29.Qd2 Qf5 30.Rg4 Rae8 31.Rh4 Qb1 32.Rg4 Rf8 33.a3 Rfe8 34.Rg1 Qf5
35.Rg4 Qb1 1/2-1/2

[Event "POL-chT2"]
[Site "Poronin POL"]
[Date "2016.09.10"]
[Round "8.21"]
[White "Musialkiewicz, Jan"]
[Black "Borgula, Rafal"]
[Result "1/2-1/2"]
[WhiteElo "2264"]
[BlackElo "2240"]
[EventDate "2016.09.02"]

1.e4 c5 2.Nf3 Nc6 3.d4 cxd4 4.Nxd4 g6 5.c4 Bg7 6.Be3 Nf6 7.Nc3 Ng4 8.Qxg4 
Bxd4 9.Bxd4 Nxd4 10.Qd1 e5 11.Be2 O-O 12.O-O d6 13.Qd2 Be6 14.Rfd1 Rc8 15.
b3 a6 16.Bf1 Qh4 17.f3 Rfd8 18.Rac1 Qe7 19.Ne2 Nc6 20.Nc3 Nd4 21.Ne2 Nc6 
22.Nc3 Nd4 23.Ne2 Nc6 1/2-1/2

[Event "POL-chT2"]
[Site "Poronin POL"]
[Date "2016.09.10"]
[Round "8.22"]
[White "Robak, Zbigniew"]
[Black "Musialkiewicz, Pawel"]
[Result "1-0"]
[WhiteElo "2204"]
[BlackElo "2278"]
[EventDate "2016.09.02"]

1.e4 e6 2.d4 d5 3.Nc3 Nf6 4.e5 Nfd7 5.Nf3 c5 6.dxc5 Nc6 7.Bf4 Bxc5 8.Bd3 
f6 9.exf6 Qxf6 10.Bg5 Qf7 11.Qe2 O-O 12.O-O-O h6 13.Bd2 Nf6 14.Rhf1 Qh5 
15.Rde1 a6 16.h3 Bd6 17.g4 Qf7 18.Nh4 e5 19.Bg6 Qc7 20.g5 hxg5 21.Bxg5 Ne7
22.Rg1 Be6 23.f4 e4 24.f5 Nxg6 25.Nxg6 Bxf5 26.Nxf8 Bf4+ 27.Kb1 Be5 1-0

[Event "POL-chT2"]
[Site "Poronin POL"]
[Date "2016.09.10"]
[Round "8.23"]
[White "Bardeli, Lukasz"]
[Black "Katafiasz, Tomasz"]
[Result "1-0"]
[WhiteElo "2188"]
[BlackElo "1888"]
[EventDate "2016.09.02"]

1.Nf3 Nf6 2.c4 e6 3.g3 Be7 4.Bg2 d5 5.O-O O-O 6.b3 c5 7.Bb2 Nc6 8.e3 d4 9.
exd4 cxd4 10.Re1 Bc5 11.d3 Qc7 12.Ba3 Bxa3 13.Nxa3 a6 14.Nc2 e5 15.b4 Re8 
16.a4 Bg4 17.h3 Bh5 18.Qd2 Rad8 19.Ng5 Bg6 20.Rad1 h6 21.Ne4 Nxe4 22.dxe4 
f6 23.Na3 Qe7 24.c5 a5 25.b5 Nb4 26.Nc4 Qxc5 27.Nxa5 Qe7 28.Rb1 Ra8 29.Nc4
Nd5 30.exd5 Bxb1 31.Rxb1 Rxa4 32.d6 Qd8 33.Bxb7 Rxc4 34.Bd5+ Kh8 35.Bxc4 
Qxd6 36.b6 e4 37.Qf4 Qxf4 38.gxf4 d3 39.f5 Rb8 40.Bd5 d2 41.b7 1-0

[Event "POL-chT2"]
[Site "Poronin POL"]
[Date "2016.09.10"]
[Round "8.24"]
[White "Weglarz, Joanna"]
[Black "Golek, Jagoda"]
[Result "0-1"]
[WhiteElo "1986"]
[BlackElo "2044"]
[EventDate "2016.09.02"]

1.d4 f5 2.c4 Nf6 3.Nf3 d6 4.Nc3 g6 5.Qc2 Bg7 6.e4 Nc6 7.exf5 Bxf5 8.Qa4 
O-O 9.d5 Ne5 10.Qd1 Nxf3+ 11.Qxf3 Qd7 12.Be2 Rab8 13.O-O e5 14.dxe6 Bxe6 
15.Qe3 b6 16.a4 Rbe8 17.Qd3 Qf7 18.h3 Nd7 19.Nb5 Ne5 20.Qc2 a6 21.Na3 Nc6 
22.Be3 Nd4 23.Bxd4 Bxd4 24.Bd3 Qf4 25.Rae1 Be5 26.g3 Qf6 27.Kg2 Bxb2 28.
Nb1 Bd4 29.Nd2 Kg7 30.Ne4 Qf3+ 31.Kh2 Qf5 32.g4 Qf4+ 33.Kg2 h5 34.f3 Be5 
35.Rf2 hxg4 36.hxg4 Rh8 37.Rh1 Rxh1 38.Kxh1 Rh8+ 39.Kg2 Bd4 0-1

[Event "POL-chT2"]
[Site "Poronin POL"]
[Date "2016.09.10"]
[Round "8.25"]
[White "Janaszak, Dawid"]
[Black "Gritsak, Orest"]
[Result "0-1"]
[WhiteElo "2384"]
[BlackElo "2497"]
[EventDate "2016.09.02"]

1.e4 c6 2.d4 d5 3.e5 Bf5 4.Nf3 e6 5.Be2 Ne7 6.O-O h6 7.Be3 Nd7 8.Nbd2 Bh7 
9.g4 c5 10.dxc5 Nc6 11.Nb3 a6 12.Ne1 Ncxe5 13.f4 Nc4 14.Bd4 Rc8 15.Nd3 Nf6
16.Qe1 Be7 17.Rd1 O-O 18.Bf3 Ne4 19.Kh1 Re8 20.Bg2 Qd7 21.Rf3 Bf8 22.Qh4 
f6 23.Bh3 a5 24.Qe1 a4 25.Nbc1 Nxc5 26.Kg1 Ne4 27.b3 Na3 28.Bb2 Nxc2 29.
Qe2 a3 0-1

[Event "POL-chT2"]
[Site "Poronin POL"]
[Date "2016.09.10"]
[Round "8.26"]
[White "Stoma, Pawel"]
[Black "Dudzinski, Piotr"]
[Result "1/2-1/2"]
[WhiteElo "2333"]
[BlackElo "2379"]
[EventDate "2016.09.02"]

1.e4 e6 2.d4 d5 3.exd5 exd5 4.Nc3 Bb4 5.Bd3 Nc6 6.Ne2 Nge7 7.Bf4 Bf5 8.
Bxf5 Nxf5 9.Qd3 Qd7 10.Bxc7 Qxc7 11.Qxf5 Nxd4 12.Qd3 Bxc3+ 13.Nxc3 Qe5+ 
14.Kf1 O-O-O 15.Re1 Qf6 16.h4 Nc6 17.Nxd5 Qxb2 18.Qc4 Qd4 19.Ne7+ Kc7 20.
Qxf7 Rhf8 21.Nxc6+ Kxc6 22.Qe6+ Kc7 23.Qe5+ Qxe5 24.Rxe5 Rd1+ 25.Re1 Rd2 
26.Re2 Rd1+ 27.Re1 Rd2 28.Re2 Rd1+ 29.Re1 Rd2 30.Re2 Rd1+ 1/2-1/2

[Event "POL-chT2"]
[Site "Poronin POL"]
[Date "2016.09.10"]
[Round "8.27"]
[White "Szadkowski, Kamil"]
[Black "Lobejko, Rafal"]
[Result "1/2-1/2"]
[WhiteElo "2198"]
[BlackElo "2320"]
[EventDate "2016.09.02"]

1.e4 g6 2.d4 Bg7 3.Nc3 c6 4.Be3 d5 5.e5 f6 6.f4 Nh6 7.Nf3 Qb6 8.b3 Bg4 9.
Be2 Nd7 10.Qd2 Qa5 11.b4 Qxb4 12.Rb1 Qa5 13.Rxb7 Nb6 14.Ne4 Qxd2+ 15.Nexd2
Bc8 16.Rc7 Bd7 17.e6 Bxe6 18.Rxc6 Kf7 19.Nb3 Rhc8 20.Rxc8 Rxc8 21.Nc5 Nf5 
22.Bf2 Bh6 23.g3 Nd6 24.O-O Bf5 25.Bd3 Be4 26.Nd2 Bf5 27.Rb1 g5 28.fxg5 
Bxg5 29.Nf3 Bh6 30.Re1 Nbc4 31.Nh4 Bxd3 32.cxd3 Na3 33.Re2 Rb8 34.Nb3 Rc8 
35.Nc5 Rb8 36.Nb3 Nab5 37.Rc2 Rc8 38.Rc5 e6 39.a4 Nc3 40.Be1 Nxa4 41.Ra5 
Nb2 42.Rxa7+ Kg8 43.Ra6 Bf8 44.Nc5 Nf5 45.Nxf5 exf5 46.Bd2 Bxc5 47.dxc5 
Nxd3 48.Rxf6 Nxc5 49.Rxf5 Rd8 50.Bg5 Rd7 51.Bh6 Ne6 52.Rf6 Ng7 53.Bd2 Ne8 
54.Rf5 Kg7 55.Bf4 Kg6 56.Re5 Nf6 57.Kf1 Rb7 58.Rg5+ Kf7 59.Be5 Rd7 60.Ke2 
Ke6 61.Bd4 Ne4 62.Re5+ Kd6 63.Rh5 Kc6 64.Kd3 Nc5+ 65.Kc3 Rf7 66.Kd2 
1/2-1/2

[Event "POL-chT2"]
[Site "Poronin POL"]
[Date "2016.09.10"]
[Round "8.28"]
[White "Miroslaw, Michal"]
[Black "Michalski, Filip"]
[Result "1/2-1/2"]
[WhiteElo "2312"]
[BlackElo "2151"]
[EventDate "2016.09.02"]

1.e4 e6 2.d4 d5 3.Nd2 Be7 4.Ngf3 Nf6 5.Bd3 c5 6.exd5 Qxd5 7.dxc5 Nbd7 8.
O-O Nxc5 9.Bc4 Qc6 10.Ne5 Qc7 11.Qe2 O-O 12.Ndf3 b6 13.b3 Bb7 14.Bb2 Nd5 
15.Nd3 Nxd3 16.Qxd3 Rfd8 17.Rfd1 Bf6 18.Bxf6 Nxf6 19.Qe2 Qf4 20.Rxd8+ Rxd8
21.Rd1 Rxd1+ 22.Qxd1 g6 23.Qd2 Qxd2 24.Nxd2 Kf8 25.f3 Ke7 26.Kf2 Kd6 27.
Ke3 g5 28.a3 h6 29.b4 Bd5 30.Bd3 Nd7 31.c4 Bc6 32.Be4 f5 33.Bc2 Ke5 34.Nb3
h5 35.Nd4 Bb7 36.Ba4 Nf6 37.Bc6 Bc8 1/2-1/2

[Event "POL-chT2"]
[Site "Poronin POL"]
[Date "2016.09.10"]
[Round "8.29"]
[White "Wlodarczyk, Oskar"]
[Black "Praszak, Michal"]
[Result "1-0"]
[WhiteElo "2275"]
[BlackElo "2095"]
[EventDate "2016.09.02"]

1.e4 c5 2.c3 g6 3.d4 cxd4 4.cxd4 d5 5.e5 Bg7 6.Nc3 Nc6 7.Bf4 Nh6 8.Qd2 Nf5
9.Bb5 h5 10.Nf3 a6 11.Bxc6+ bxc6 12.O-O O-O 13.Rfe1 a5 14.Na4 Ba6 15.Nc5 
e6 16.Rac1 Ra7 17.Bg5 Qb6 18.h3 Bc8 19.g4 hxg4 20.hxg4 Ne7 21.Bf6 Re8 22.
Kg2 Kf8 23.Ng5 Rd8 24.Qf4 Bxf6 25.Nh7+ Kg7 26.exf6+ 1-0

[Event "POL-chT2"]
[Site "Poronin POL"]
[Date "2016.09.10"]
[Round "8.30"]
[White "Toma, Katarzyna"]
[Black "Magnucka, Milena"]
[Result "0-1"]
[WhiteElo "2324"]
[BlackElo "1994"]
[EventDate "2016.09.02"]

1.e4 d6 2.d4 Nf6 3.Bd3 g6 4.Nf3 Bg7 5.c3 O-O 6.O-O Nbd7 7.Re1 e5 8.a4 a5 
9.Na3 c6 10.h3 Re8 11.Nc4 Qc7 12.dxe5 dxe5 13.Bc2 Bf8 14.Be3 b5 15.Ncd2 
Nc5 16.Bg5 Bg7 17.axb5 cxb5 18.Qe2 Bd7 19.Nf1 Bc6 20.N3d2 Qb7 21.Qf3 Nh5 
22.Qe3 Ne6 23.Bh6 a4 24.g3 Nf6 25.Bxg7 Kxg7 26.Nf3 Nd7 27.N1h2 h5 28.Nh4 
Qb6 29.Qc1 f6 30.N2f3 Ndc5 31.Ng2 Rad8 32.Qe3 Nd7 33.Qe2 Qc5 34.Ne3 Nb6 
35.Nh4 Rh8 36.Bd3 Kf7 37.Red1 Rd7 38.Qf3 Ng5 39.Qe2 Nxh3+ 40.Kh2 Ng5 41.
Nd5 Rdd8 42.b4 axb3 43.Ra6 Nc4 44.Rda1 Rd7 45.Bxc4 bxc4 46.R1a5 Bb5 47.
Rxf6+ Ke8 48.Rxg6 Nf7 49.Nf6+ Kd8 50.Nxd7 Kxd7 51.Qd2+ Kc7 52.Rf6 Nd8 53.
Nf5 Nc6 54.Ra1 Rd8 55.Qe2 Rd3 56.Ne3 Ne7 57.Rf7 Kc6 58.Nf5 Nxf5 59.exf5 
Qd5 60.Raa7 Kb6 61.Rae7 Bc6 62.Qf1 Rd1 63.Rxe5 Qh1+ 0-1

[Event "POL-chT2"]
[Site "Poronin POL"]
[Date "2016.09.11"]
[Round "9.1"]
[White "Gritsak, Orest"]
[Black "Jakubowski, Krzysztof"]
[Result "1/2-1/2"]
[WhiteElo "2497"]
[BlackElo "2529"]
[EventDate "2016.09.02"]

1.d4 Nf6 2.c4 e6 3.Nf3 d5 4.Nc3 Nbd7 5.Bg5 c6 6.cxd5 exd5 7.e3 Be7 8.Bd3 
O-O 9.O-O Re8 10.Qc2 Nf8 11.Rab1 Bd6 12.Bh4 Bg4 13.Nd2 Bd7 14.Bg3 Bxg3 15.
hxg3 Ng4 16.Rfe1 Qg5 17.Nf1 f5 18.f3 Nf6 19.b4 a6 20.Na4 Rad8 21.Nc5 Bc8 
22.a4 Rd6 23.b5 axb5 24.axb5 Nh5 25.bxc6 bxc6 26.Qf2 Rh6 27.Rb8 Nf6 28.Qa2
Qh5 29.Kf2 N8d7 30.Nxd7 Nxd7 31.Ra8 Rhe6 32.Qa7 Nf6 33.Qc7 Bd7 34.Rxe8+ 
Rxe8 35.Rb1 Qf7 36.Rb8 g6 37.Nd2 Rxb8 38.Qxb8+ Qe8 39.Qa7 h5 40.Nb3 Qf7 
41.Nc5 Be8 42.Qb8 Nd7 43.Nxd7 Qxd7 44.g4 hxg4 45.fxg4 Qe6 46.gxf5 gxf5 47.
Qc7 Bd7 48.Qf4 Kg7 49.Kf3 Qg6 50.Qc7 Qe6 51.Bc2 Kf7 52.Qh2 Qg6 53.Kf2 Ke7 
54.Bd3 Qg5 55.Qe5+ Kd8 56.Qg3 Qh5 57.Be2 Qf7 58.Qb8+ Ke7 59.Qc7 Qf6 60.Qh2
Kd8 61.Kf3 Qg6 62.Qf4 Qh5+ 63.Kf2 Qh7 64.Qg5+ Kc7 65.Bh5 Kb7 66.Be2 Qf7 
67.Qh6 Qe7 68.Bd3 Qa3 69.Be2 Qe7 70.Bf3 Bc8 71.Kg3 Qc7+ 72.Kf2 Qe7 73.Qh8 
Bd7 74.Qh2 Bc8 75.Qf4 Bd7 76.Be2 Qf6 77.Bd3 Qe6 78.Qg5 Bc8 79.Qg7+ Kb6 80.
Qf8 Kc7 81.Kf3 Qg6 82.Qe7+ Bd7 83.Qe5+ Kb7 84.Kf2 Qg5 85.Qd6 Qh4+ 86.Qg3 
Qf6 87.Qf4 Qe6 88.Be2 Qe7 89.Bf3 Bc8 90.Qh6 Bd7 91.Qh1 Bc8 92.Qb1+ Kc7 93.
Qa1 Kb7 94.Qa5 Qh4+ 95.g3 Qh2+ 96.Bg2 Qh7 97.Qc5 Bd7 98.Qd6 Kc8 99.Qf6 Kb7
100.Qh4 Qf7 101.Bf3 Bc8 102.Be2 Bd7 103.Qh1 Qe6 104.Bd3 Kc7 105.Qa1 Qh6 
106.Qa7+ Kd8 107.Qb8+ Bc8 108.Bf1 Qh2+ 109.Bg2 Qh6 110.Qe5 Bd7 111.Kg1 Kc8
112.Bf1 Qh5 113.Kf2 Qh2+ 114.Bg2 Qh5 115.Qf4 Qd1 116.Qf3 Qc1 117.Qe2 Kd8 
118.Qa2 Ke7 119.Bf1 Be8 120.Qa7+ Kf6 121.Qh7 Qc2+ 122.Be2 Bg6 123.Qh4+ Kf7
124.Qg5 Kg7 125.Qe7+ Kh6 126.Qf8+ Kh7 127.Qe7+ Kh6 128.Qd6 Kg7 129.Qf4 Bh5
130.Qg5+ Bg6 131.Qh4 Kf7 132.Qh8 Ke6 133.Qg7 Bf7 134.Qh6+ Ke7 135.Qh4+ Ke6
136.Qf4 Bg6 137.Qh6 Kf7 138.Qg5 Kg7 139.Qe7+ Kh6 140.Qh4+ Kg7 141.Qh1 Be8 
142.Qd1 Qb2 143.Ke1 Qb8 144.Kf2 Qb2 145.Kg1 1/2-1/2

[Event "POL-chT2"]
[Site "Poronin POL"]
[Date "2016.09.11"]
[Round "9.2"]
[White "Stryjecki, Marek"]
[Black "Stoma, Pawel"]
[Result "1-0"]
[WhiteElo "2427"]
[BlackElo "2333"]
[EventDate "2016.09.02"]

1.g3 d5 2.Nf3 Nf6 3.Bg2 Bf5 4.O-O Nbd7 5.c4 c6 6.d3 e5 7.cxd5 cxd5 8.Bg5 
Qb6 9.Nc3 d4 10.Bxf6 Nxf6 11.Ne4 Bxe4 12.dxe4 Bd6 13.Qa4+ Qc6 14.Qxc6+ 
bxc6 15.Rac1 Kd7 16.Rc2 a5 17.Rfc1 Ra6 18.Ne1 g5 19.Nd3 h5 20.f4 gxf4 21.
gxf4 Ng4 22.Bh3 Kc7 23.Bxg4 Rg8 24.fxe5 Rxg4+ 25.Kh1 Be7 26.Rf1 Ra8 27.e6 
fxe6 28.Ne5 Rxe4 29.Rxc6+ Kb7 30.Rxe6 Bd8 31.Rf7+ Bc7 32.Nd3 Rxe6 33.Nc5+ 
Kc6 34.Nxe6 Be5 35.Rf5 Kd6 36.Ng5 Bg7 37.Ne4+ Ke6 38.Rxh5 a4 39.Kg2 a3 40.
b3 Be5 41.Nc5+ Kd6 42.Nd3 Bg7 43.Kf2 Ke6 44.Ke1 Kf7 45.Kd1 Bf8 46.Rd5 Bg7 
47.h4 Kg6 48.Nf4+ Kh7 49.Ne6 Bf6 50.h5 Kh6 51.Nxd4 Bg5 52.Nf3 Bf4 53.Rd4 
Be3 54.Re4 Rd8+ 55.Kc2 Rc8+ 56.Rc4 Re8 57.Kd3 Bf2 58.b4 Kxh5 59.Rc3 Ra8 
60.Kc4 Rc8+ 61.Kb3 Re8 62.Rc2 Ra8 63.Ne5 Kg5 64.Nc4 Be1 65.Nxa3 Kf4 66.
Rc4+ Ke5 67.Nc2 Bf2 68.a4 Rd8 69.e4 Rd1 70.Kb2 Bb6 71.a5 Bd8 72.Kb3 Rb1+ 
73.Ka4 Rb2 74.Kb5 Ra2 75.Nd4 1-0